000 00458nmm a2200145Ia 4500
008 251105s9999||||xx |||||||||||||||||und||
041 _aspa
100 _aCornejo y Rosado, Miguel Ángel
245 0 _aExcelencia directiva para lograr la productividad
264 _a[Santiago de Chile, Chile] :
_bPatagonia,
_c2011
300 _a124 páginas
650 _aEconomics and Business
856 _uhttps://public.digitaliapublishing.com/a/23661
942 _cCF
999 _c104459
_d104459